Investice
Salvato in:
| Autore principale: | |
|---|---|
| Altri autori: | , |
| Natura: | Libro |
| Lingua: | ceco |
| Pubblicazione: |
Praha
Victoria Publ.
1994
|
| Edizione: | 4. vyd. |
| Soggetti: | |
| Tags: |
Nessun Tag, puoi essere il primo ad aggiungerne!!
|
MARC
| LEADER | 00000nam a2200000 4500 | ||
|---|---|---|---|
| 001 | c005709 | ||
| 005 | 20221205140654.5 | ||
| 020 | |a 80-85605-47-3 | ||
| 041 | 0 | |a cze | |
| 044 | |a CZ | ||
| 245 | 1 | 0 | |a Investice |c William F. Sharpe, Gordon J. Alexander ; [Z angl. prel.] Zdeněk Šlehofr |
| 250 | |a 4. vyd. | ||
| 264 | 1 | |a Praha |b Victoria Publ. |c 1994 | |
| 300 | |a 810 s. | ||
| 610 | 2 | 0 | |a investície |
| 610 | 2 | 0 | |a papiere cenné |
| 610 | 2 | 0 | |a trh kapitálový |
| 610 | 2 | 0 | |a ceny trhové |
| 610 | 2 | 0 | |a portfólio |
| 610 | 2 | 0 | |a riziko |
| 610 | 2 | 0 | |a arbitráž |
| 610 | 2 | 0 | |a dane |
| 610 | 2 | 0 | |a inflácia |
| 610 | 2 | 0 | |a obligácie |
| 610 | 2 | 0 | |a akcie |
| 610 | 2 | 0 | |a výnosy |
| 610 | 2 | 0 | |a spoločnosti investičné |
| 610 | 2 | 0 | |a štruktúra podniku organizačná |
| 100 | 1 | |a Sharpe, William F. | |
| 700 | 1 | |a Alexander, Gordon J. | |
| 700 | 1 | |a Šlehofr, Zdeněk | |